000 00455nam a2200157Ia 4500
008 240729s9999 xx 000 0 und d
022 _a2717-1892
245 0 _aJournal of Chemistry Letters
260 _aIran, Islamic Republic of
260 _bIranian Chemical Science and Technologies Association
650 _a Chemistry
650 _aScience
856 _uhttps://doaj.org/toc/294691ce64c54f6bb81159a9c17e9351
942 _2ddc
942 _cDOAJEJ
999 _c69500
_d69500
945 _a1
_bMadushi Gamage
_c1
_dMadushi Gamage